[Event "Icelandic Open 2019"]
[Site "Akureyri"]
[Date "2019.05.27"]
[Round "4.8"]
[White "Gunnarsson, Jon Viktor"]
[Black "Jonsson, Gauti Pall"]
[Result "1/2-1/2"]
[WhiteElo "2452"]
[BlackElo "2033"]
[Annotator "RC"]
[PlyCount "88"]
[EventDate "2019.05.25"]
[EventType "swiss"]
[EventCountry "ISL"]
[SourceTitle "playchess.com"]
[Source "ChessBase"]
[SourceQuality "1"]
[TimeControl "40/5400+30:1800+30"]

1. e4 {[%emt 0:00:00]} c5 {[%emt 0:00:00]} 2. Nf3 {[%emt 0:00:01]} g6 {[%emt 0:00:09]} 3. c3 {[%emt 0:03:40]} d5 {[%emt 0:02:24]} 4. e5 {[%emt 0:02:44]} Bg7 {[%emt 0:02:47]} 5. d4 {[%emt 0:02:22]} Nc6 {[%emt 0:02:53]} 6. h3 {[%emt 0:08:21]} Qc7 {[%emt 0:06:55]} 7. Be3 {[%emt 0:08:00]} Bf5 {[%emt 0:06:14]} 8. Nbd2 {[%emt 0:03:53]} f6 {[%emt 0:04:49]} 9. Bb5 {[%emt 0:19:29]} fxe5 {[%emt 0:03:53]} 10. Nxe5 {[%emt 0:02:18]} Bxe5 {[%emt 0:05:33]} 11. dxe5 {[%emt 0:01:13]} a6 {[%emt 0:01:00]} 12. Bxc6+ {[%emt 0:06:51]} Qxc6 {[%emt 0:00:58]} 13. O-O {[%emt 0:00:07]} Rd8 {[%emt 0:04:13]} 14. b4 {[%emt 0:03:38]} d4 {[%emt 0:03:30]} 15. cxd4 {[%emt 0:01:05]} cxd4 {[%emt 0:00:07]} 16. Bg5 {[%emt 0:06:50]} h6 {[%emt 0:03:19]} 17. Bh4 {[%emt 0:01:56]} Qb5 {[%emt 0:01:35]} 18. Re1 {[%emt 0:02:04]} Qxb4 {[%emt 0:00:40]} 19. a3 {[%emt 0:02:37]} Qb5 {[%emt 0:02:39]} 20. Ne4 {[%emt 0:03:33]} Bxe4 {[%emt 0:04:45]} 21. Rxe4 {[%emt 0:00:06]} Qd5 {[%emt 0:00:10]} 22. Qg4 {[%emt 0:01:52]} g5 {[%emt 0:01:45]} 23. Bg3 {[%emt 0:01:16]} h5 {[%emt 0:01:34]} 24. Qf5 {[%emt 0:04:03]} Rh6 {[%emt 0:00:17]} 25. f3 {[%emt 0:02:33]} Nf6 {[%emt 0:03:34]} 26. Ree1 {[%emt 0:03:04]} Nh7 {[%emt 0:00:52]} 27. Rad1 {[%emt 0:00:28]} d3 {[%emt 0:05:41]} 28. Bf2 {[%emt 0:02:04]} Qe6 {[%emt 0:01:07]} 29. Qe4 {[%emt 0:02:29]} Qd5 {[%emt 0:00:39]} 30. Qf5 {[%emt 0:03:39]} Qe6 {[%emt 0:00:16]} 31. Qxe6 {[%emt 0:00:43]} Rxe6 {[%emt 0:00:07]} 32. Re3 {[%emt 0:00:10]} Nf8 {[%emt 0:00:49]} 33. Bg3 {[%emt 0:00:30]} d2 {[%emt 0:00:57]} 34. Re2 {[%emt 0:01:10]} Ng6 {[%emt 0:00:10]} 35. Kf2 {[%emt 0:00:36]} Rd5 {[%emt 0:00:50]} 36. Rexd2 {[%emt 0:00:20]} Rxd2+ {[%emt 0:00:12]} 37. Rxd2 {[%emt 0:00:03]} Nxe5 {[%emt 0:00:09]} 38. Rd5 {[%emt 0:00:33]} Nf7 {[%emt 0:00:26]} 39. a4 {[%emt 0:01:16]} Rc6 {[%emt 0:01:34]} 40. h4 {[%emt 0:00:00]} e6 {[%emt 0:00:00]} 41. Ra5 {[%emt 0:04:17]} gxh4 {[%emt 0:04:58]} 42. Bxh4 {[%emt 0:00:04]} e5 {[%emt 0:01:07]} 43. Bg3 {[%emt 0:01:59]} Re6 {[%emt 0:05:14]} 44. Rd5 {[%emt 0:01:48]} Ke7 {[%emt 0:00:47]} 1/2-1/2

[Event "Icelandic Open 2019"]
[Site "Akureyri"]
[Date "2019.05.27"]
[Round "4.9"]
[White "Sarkar, Justin"]
[Black "Sigurdarson, Tomas Veigar"]
[Result "1-0"]
[WhiteElo "2358"]
[BlackElo "1994"]
[Annotator "TA"]
[PlyCount "103"]
[EventDate "2019.05.25"]
[EventType "swiss"]
[EventCountry "ISL"]
[SourceTitle "playchess.com"]
[Source "ChessBase"]
[SourceQuality "1"]

{[%evp 13,103,0,0,0,0,15,21,22,19,23,118,114,121,94,80,94,82,56,48,28,18,-27,0,0,167,157,143,108,99,100,106,88,109,113,114,101,152,152,148,150,200,191,211,211,259,259,259,259,238,247,257,172,331,315,281,281,347,333,333,259,349,354,352,360,370,370,338,352,385,370,370,356,358,338,325,325,566,549,29969,29970,1325,1082,29973,29975,29976,29978,29978,29978,29978,29979,29997,29998]} 1. d4 Nf6 2. c4 g6 3. Nc3 Bg7 4. e4 d6 5. h3 O-O 6. Be3 c5 7. dxc5 Qa5 {Threatening ...Nxe4.} 8. Bd3 {E71: King's Indian: 4 e4 d6 5 h3} dxc5 9. e5 Nfd7 10. f4 $1 {The position is equal.} Nc6 11. Nf3 Nb4 $146 (11... Rd8 $11 {keeps the balance.} 12. O-O Nb4) ({Predecessor:} 11... Rd8 12. O-O f6 13. Nd5 f5 14. Bd2 Nb4 15. a3 Re8 16. axb4 {1-0 (34) Aleksandrov,A (2605)-Krutko,A (2397) Sochi 2015}) 12. Be4 $1 $16 Nb6 13. a3 Nc6 {[#]} 14. Nd2 $1 Rd8 15. Qb1 Rxd2 16. Bxd2 {aiming for Nb5.} Nxc4 17. b4 cxb4 (17... Qd8 $5 {[%cal Rd8d2]} 18. Qd3 Qxd3 19. Bxd3 Nxd2 20. Kxd2 Bh6 $11) 18. axb4 Qb6 $2 {[#]} (18... Qd8 $1 $11 19. Bc1 Bf5 20. Bxf5 gxf5) 19. Nd5 $1 $18 {[%cal Rd5b6]} Qd8 ({Don't blunder} 19... Qd4 $2 20. Bc3 $18) 20. Bc3 $36 {[%mdl 2048] Black must now prevent Qd3. White is in control.} Be6 21. Qd3 Nb6 {[%cal Rb6d5]} 22. Rd1 Nxd5 23. Bxd5 Bxd5 24. Qxd5 Qb6 (24... Qc8 $142) 25. Qc5 $16 Qxc5 26. bxc5 e6 27. Rd7 Bf8 28. Rxb7 Bxc5 29. Rc7 Nb4 30. Bxb4 $1 Bxb4+ $18 {[%mdl 4096] Endgame KRR-KRB} 31. Ke2 a5 32. Rhc1 Kg7 $2 (32... a4 {keeps fighting.} 33. Rc8+ Rxc8 34. Rxc8+ Bf8) 33. Rb7 Rf8 34. g4 h6 35. Rc6 Re8 36. Ra6 Kg8 37. Raa7 Rf8 38. Kf3 Bd2 39. Rd7 Bc3 40. Ke4 Bb4 41. f5 gxf5+ 42. gxf5 exf5+ 43. Kxf5 Be1 44. Rd6 Bc3 $2 (44... h5 45. Rh6 Re8 46. Rxh5 Bc3) 45. Rxh6 Re8 46. e6 fxe6+ 47. Rxe6 {[%cal Re6e8]} Rb8 48. Kg6 {White mates.} Bb4 49. Rea6 Kf8 50. h4 Bc3 51. h5 Rb1 52. Rf7+ {Accuracy: White = 88%, Black = 32%.} 1-0

[Event "Icelandic Open 2019"]
[Site "Akureyri"]
[Date "2019.05.27"]
[Round "4.11"]
[White "Johannsson, Birkir Isak"]
[Black "Thorhallsson, Simon"]
[Result "0-1"]
[WhiteElo "1981"]
[BlackElo "2184"]
[Annotator "NA"]
[PlyCount "50"]
[EventDate "2019.05.25"]
[EventType "swiss"]
[EventCountry "ISL"]
[SourceTitle "playchess.com"]
[Source "ChessBase"]
[SourceQuality "1"]
[TimeControl "40/5400+30:1800+30"]

1. d4 {[%emt 0:00:00]} Nf6 {[%emt 0:00:00]} 2. c4 {[%emt 0:00:00]} g6 {[%emt 0:00:00]} 3. Nc3 {[%emt 0:00:00]} Bg7 {[%emt 0:00:00]} 4. e4 {[%emt 0:00:00]} d6 {[%emt 0:00:00]} 5. h3 {[%emt 0:00:15]} O-O {[%emt 0:00:00]} 6. Nf3 {[%emt 0:00:03]} e5 {[%emt 0:00:12]} 7. d5 {[%emt 0:00:06]} Nh5 {[%emt 0:00:27]} 8. g3 {[%emt 0:00:13]} Na6 {[%emt 0:00:18]} 9. Nh2 {[%emt 0:00:16]} Nc5 {[%emt 0:01:22]} 10. Be3 {[%emt 0:00:18]} a5 {[%emt 0:04:00]} 11. Be2 {[%emt 0:00:26]} Nf6 {[%emt 0:00:50]} 12. Bxc5 {[%emt 0:00:35]} dxc5 {[%emt 0:00:07]} 13. Bg4 {[%emt 0:00:05]} Ne8 14. Bxc8 Rxc8 15. Nf3 Nd6 16. Qe2 f5 17. h4 fxe4 18. Ng5 {[%emt 0:02:31]} e3 19. fxe3 {[%emt 0:00:30]} e4 20. Ncxe4 {[%emt 0:00:30]} Nxe4 21. Nxe4 {[%emt 0:00:30]} Qe7 22. Ng5 {[%emt 0:00:30]} Bxb2 23. Rb1 {[%emt 0:00:30]} Bc3+ 24. Kd1 {[%emt 0:00:30]} Rcd8 25. Ne6 {[%emt 0:00:30]} Qxe6 0-1

[Event "Icelandic Open 2019"]
[Site "Akureyri"]
[Date "2019.05.27"]
[Round "4.13"]
[White "Karlsson, Mikael Johann"]
[Black "Collin, Jean-Philippe"]
[Result "0-1"]
[WhiteElo "2146"]
[BlackElo "1792"]
[Annotator "NA RC"]
[PlyCount "44"]
[EventDate "2019.05.25"]
[EventType "swiss"]
[EventCountry "ISL"]
[SourceTitle "playchess.com"]
[Source "ChessBase"]
[SourceQuality "1"]
[TimeControl "40/5400+30:1800+30"]

1. e4 {[%emt 0:00:00]} c5 {[%emt 0:00:00]} 2. Nf3 {[%emt 0:00:30]} d6 {[%emt 0:00:30]} 3. d4 {[%emt 0:00:30]} cxd4 {[%emt 0:00:30]} 4. Nxd4 {[%emt 0:00:30]} Nf6 {[%emt 0:00:30]} 5. Nc3 {[%emt 0:00:03]} a6 {[%emt 0:00:00]} 6. f4 {[%emt 0:00:00]} e5 {[%emt 0:00:00]} 7. Nb3 {[%emt 0:00:00]} Nbd7 {[%emt 0:00:00]} 8. Qf3 {[%emt 0:00:00]} Be7 {[%emt 0:00:00]} 9. Be3 {[%emt 0:00:00]} O-O {[%emt 0:00:00]} 10. O-O-O {[%emt 0:01:31]} Qc7 {[%emt 0:00:25]} 11. h3 {[%emt 0:00:56]} exf4 {[%emt 0:00:39]} 12. Bxf4 {[%emt 0:03:40]} Ne5 {[%emt 0:00:06]} 13. Qe2 {[%emt 0:03:30]} Be6 {[%emt 0:00:12]} 14. Nd5 {[%emt 0:02:31]} Bxd5 {[%emt 0:01:25]} 15. exd5 {[%emt 0:03:07]} Rac8 {[%emt 0:00:11]} 16. Bxe5 {[%emt 0:08:31]} dxe5 {[%emt 0:00:10]} 17. g4 {[%emt 0:03:06]} a5 {[%emt 0:02:49]} 18. g5 {[%emt 0:08:04]} Nh5 {[%emt 0:00:09]} 19. Rg1 {[%emt 0:01:40]} Nf4 {[%emt 0:00:05]} 20. Qe4 {[%emt 0:08:15]} a4 {[%emt 0:00:13]} 21. Nd2 {[%emt 0:07:52]} a3 {[%emt 0:00:11]} 22. Qc4 {[%emt 0:00:15]} Qb6 {[%emt 0:01:03]} 0-1

[Event "Icelandic Open 2019"]
[Site "Akureyri"]
[Date "2019.05.27"]
[Round "4.14"]
[White "Jonsson, Stefan G"]
[Black "Pinto, Mark"]
[Result "1-0"]
[WhiteElo "1568"]
[BlackElo "2082"]
[Annotator "NA"]
[PlyCount "67"]
[EventDate "2019.05.25"]
[EventType "swiss"]
[EventCountry "ISL"]
[SourceTitle "playchess.com"]
[Source "ChessBase"]
[SourceQuality "1"]
[TimeControl "40/5400+30:1800+30"]

1. g3 {[%emt 0:00:00]} Nf6 {[%emt 0:00:35]} 2. c4 {[%emt 0:00:00]} e5 {[%emt 0:00:36]} 3. Bg2 {[%emt 0:00:01]} Nc6 {[%emt 0:00:37]} 4. Nc3 {[%emt 0:01:20]} a6 {[%emt 0:01:36]} 5. d3 {[%emt 0:01:42]} Bc5 {[%emt 0:00:37]} 6. e3 {[%emt 0:02:30]} O-O {[%emt 0:08:53]} 7. a3 {[%emt 0:00:36]} Re8 {[%emt 0:02:45]} 8. b4 {[%emt 0:00:14]} Bf8 {[%emt 0:00:23]} 9. Bb2 {[%emt 0:00:31]} Ne7 {[%emt 0:00:23]} 10. Nf3 {[%emt 0:05:42]} d6 {[%emt 0:01:54]} 11. O-O {[%emt 0:00:07]} Bg4 {[%emt 0:03:41]} 12. h3 {[%emt 0:01:15]} Bh5 {[%emt 0:00:09]} 13. Kh2 {[%emt 0:00:32]} Rb8 {[%emt 0:00:17]} 14. Qb3 {[%emt 0:04:13]} c6 {[%emt 0:03:22]} 15. Ne4 {[%emt 0:03:49]} Nxe4 {[%emt 0:00:33]} 16. dxe4 {[%emt 0:00:04]} Qc7 {[%emt 0:03:50]} 17. c5 {[%emt 0:01:49]} Bxf3 {[%emt 0:00:57]} 18. cxd6 {[%emt 0:00:06]} Qxd6 {[%emt 0:00:10]} 19. Bxf3 {[%emt 0:00:04]} Ng6 {[%emt 0:01:29]} 20. Rad1 {[%emt 0:01:11]} Qc7 {[%emt 0:02:05]} 21. h4 {[%emt 0:01:32]} Rbd8 {[%emt 0:04:26]} 22. Be2 {[%emt 0:03:36]} b5 {[%emt 0:00:36]} 23. h5 {[%emt 0:02:08]} Ne7 {[%emt 0:01:38]} 24. Kg2 {[%emt 0:05:25]} Nc8 {[%emt 0:01:00]} 25. Rxd8 {[%emt 0:04:20]} Rxd8 {[%emt 0:03:14]} 26. Rc1 {[%emt 0:00:05]} Bd6 {[%emt 0:02:13]} 27. Qc3 {[%emt 0:04:30]} Ne7 {[%emt 0:00:33]} 28. Rd1 {[%emt 0:00:43]} Nc8 {[%emt 0:02:05]} 29. f4 {[%emt 0:02:04]} f6 {[%emt 0:00:30]} 30. Qb3+ {[%emt 0:00:53]} Kf8 {[%emt 0:07:25]} 31. fxe5 {[%emt 0:03:54]} fxe5 {[%emt 0:06:06]} 32. Rf1+ {[%emt 0:00:09]} Ke8 {[%emt 0:00:13]} 33. Qg8+ {[%emt 0:00:06]} Kd7 {[%emt 0:00:16]} 34. Bg4+ {[%emt 0:00:05]} 1-0

[Event "Icelandic Open 2019"]
[Site "Akureyri"]
[Date "2019.05.27"]
[Round "4.15"]
[White "Ragnarsson, Johann"]
[Black "Hardarson, Petur Palmi"]
[Result "0-1"]
[WhiteElo "1968"]
[BlackElo "1847"]
[Annotator "NA RC"]
[PlyCount "80"]
[EventDate "2019.05.25"]
[EventType "swiss"]
[EventCountry "ISL"]
[SourceTitle "playchess.com"]
[Source "ChessBase"]
[SourceQuality "1"]
[TimeControl "40/5400+30:1800+30"]

1. d4 {[%emt 0:00:00]} Nf6 {[%emt 0:00:00]} 2. c4 {[%emt 0:00:00]} g6 {[%emt 0:00:00]} 3. Nc3 {[%emt 0:00:00]} Bg7 {[%emt 0:00:05]} 4. e4 {[%emt 0:00:45]} d6 {[%emt 0:00:14]} 5. f3 {[%emt 0:00:11]} O-O {[%emt 0:00:16]} 6. Bg5 {[%emt 0:00:08]} Nc6 {[%emt 0:00:25]} 7. Nge2 {[%emt 0:01:05]} a6 {[%emt 0:01:01]} 8. d5 {[%emt 0:04:51]} Na5 {[%emt 0:01:54]} 9. Ng3 {[%emt 0:04:58]} c5 {[%emt 0:01:19]} 10. Be2 {[%emt 0:05:02]} Bd7 {[%emt 0:02:00]} 11. Rb1 {[%emt 0:09:36]} h6 {[%emt 0:19:37]} 12. Be3 {[%emt 0:01:25]} e6 {[%emt 0:00:49]} 13. Qd2 {[%emt 0:06:54]} exd5 {[%emt 0:02:25]} 14. exd5 {[%emt 0:01:12]} Re8 {[%emt 0:03:53]} 15. O-O {[%emt 0:02:53]} Rxe3 {[%emt 0:10:51]} 16. Qxe3 {[%emt 0:00:34]} Nxd5 {[%emt 0:01:25]} 17. Qd2 {[%emt 0:01:36]} Ne3 {[%emt 0:03:45]} 18. Rfe1 {[%emt 0:13:59]} Naxc4 {[%emt 0:04:43]} 19. Bxc4 {[%emt 0:02:03]} Nxc4 {[%emt 0:00:07]} 20. Qd5 {[%emt 0:00:24]} Bd4+ {[%emt 0:05:46]} 21. Kh1 {[%emt 0:03:48]} Nxb2 {[%emt 0:02:19]} 22. Nce4 {[%emt 0:16:57]} Be6 {[%emt 0:05:12]} 23. Qxb7 {[%emt 0:01:50]} Nd3 {[%emt 0:02:08]} 24. Red1 {[%emt 0:06:16]} c4 {[%emt 0:01:10]} 25. Ne2 {[%emt 0:04:25]} Ba7 {[%emt 0:01:52]} 26. h3 {[%emt 0:03:00]} d5 {[%emt 0:01:29]} 27. Nf6+ {[%emt 0:02:56]} Kg7 {[%emt 0:01:21]} 28. Ng4 {[%emt 0:02:40]} Bxg4 {[%emt 0:01:55]} 29. fxg4 {[%emt 0:00:02]} Nf2+ {[%emt 0:01:01]} 30. Kh2 {[%emt 0:00:01]} Nxd1 {[%emt 0:07:38]} 31. Rxd1 {[%emt 0:00:14]} d4 {[%emt 0:01:07]} 32. Rf1 {[%emt 0:02:41]} Qb8+ {[%emt 0:00:33]} 33. Qxb8 {[%emt 0:00:13]} Rxb8 {[%emt 0:00:06]} 34. Rd1 {[%emt 0:01:37]} d3 {[%emt 0:00:48]} 35. Nc3 {[%emt 0:00:08]} Rb2 {[%emt 0:01:26]} 36. Kg3 {[%emt 0:01:27]} Rc2 {[%emt 0:01:28]} 37. Ne4 {[%emt 0:00:17]} Rxa2 {[%emt 0:00:59]} 38. Rc1 {[%emt 0:01:27]} Rc2 {[%emt 0:01:02]} 39. Rd1 {[%emt 0:00:20]} a5 {[%emt 0:00:38]} 40. Nd6 {[%emt 0:00:00]} Bb8 {[%emt 0:00:00]} 0-1

[Event "Icelandic Open 2019"]
[Site "Akureyri"]
[Date "2019.05.28"]
[Round "5.1"]
[White "Sokolov, Ivan"]
[Black "Thorfinnsson, Bragi"]
[Result "1-0"]
[WhiteElo "2593"]
[BlackElo "2451"]
[Annotator "TA"]
[PlyCount "113"]
[EventDate "2019.05.25"]
[EventType "swiss"]
[EventCountry "ISL"]
[SourceTitle "playchess.com"]
[Source "ChessBase"]
[SourceQuality "1"]

{[%evp 21,113,18,24,19,19,19,20,20,21,14,39,33,70,35,46,52,52,20,28,15,32,14,16,21,43,36,28,31,22,16,107,94,93,89,85,47,48,33,48,18,93,87,117,110,112,112,114,115,118,125,113,121,170,165,164,161,157,157,164,164,159,162,156,135,243,243,236,236,196,95,219,219,414,408,632,607,713,699,680,666,666,666,622,604,1089,1089,1089,1048,993,989,941,816,743,677]} 1. d4 d5 2. c4 e6 3. Nc3 Nf6 4. cxd5 exd5 5. Bg5 c6 6. e3 Be7 7. Bd3 Nbd7 8. Qc2 h6 9. Bh4 Nh5 10. Bxe7 Qxe7 11. Nge2 Nb6 12. O-O {D36: Queen's Gambit Declined: Exchange Variation: Main line (5 Bg5 c6 6 Qc2)} O-O 13. Rae1 Be6 14. Nc1 {The position is equal.} Rad8 15. Nb3 {[#]} f5 $146 ({Predecessor:} 15... Rfe8 16. Nc5 Bc8 17. b4 Nc4 18. Qe2 Qg5 19. f4 Qh4 20. Bxc4 dxc4 {0-1 (37) Navara,D (2724)-Adams,M (2740) Biel 2015}) 16. Nc5 Bc8 17. Be2 Nf6 18. Nd3 Nc4 19. b3 Nxe3 20. fxe3 Qxe3+ {[%mdl 64] [#] Double Attack} 21. Kh1 Qxd4 22. Bf3 $36 {[%mdl 2048] White has some pressure.} Ne4 23. Ne2 Qf6 24. b4 b6 25. Qa4 a5 (25... Rd7 $11) 26. bxa5 Ba6 27. Bxe4 dxe4 28. Ndf4 bxa5 29. Qxa5 Bb5 30. Qb4 Ra8 (30... g5 $11) 31. Rg1 $16 g5 32. Nh5 Qf7 33. Nhg3 {Threatens to win with Nd4.} Ra4 34. Qd6 {[#] Nd4 is the strong threat.} Qf6 35. Qxf6 Rxf6 36. Nc3 Rc4 37. Nxb5 cxb5 38. Rgf1 f4 39. Nxe4 Re6 40. Nf2 Rxe1 41. Rxe1 $18 {[%mdl 4096] Endgame KRN-KR} Rc2 42. Ng4 h5 (42... Kg7 $16 {was called for.} 43. Kg1 Rxa2) 43. Nf6+ Kf7 44. Nxh5 Rxa2 45. Kg1 (45. Rb1 $18) 45... Kg6 (45... b4 $16) 46. g4 f3 $2 (46... fxg3 47. Nxg3 Rb2 48. Re6+ Kf7) 47. Re6+ Kh7 (47... Kf7 $142 48. Rf6+ Ke7) 48. h3 {White is clearly winning.} b4 49. Rb6 Rb2 50. Nf6+ Kg7 51. Ne4 b3 52. Kf1 Rb1+ 53. Kf2 b2 54. Ng3 Kf7 55. Kxf3 Ke8 56. Kg2 Kd7 57. Nf1 {Accuracy: White = 77%, Black = 42%.} 1-0

[Event "Icelandic Open 2019"]
[Site "Akureyri"]
[Date "2019.05.28"]
[Round "5.2"]
[White "Gislason, Gudmundur"]
[Black "Gretarsson, Helgi Ass"]
[Result "1-0"]
[WhiteElo "2288"]
[BlackElo "2433"]
[Annotator "RC"]
[PlyCount "95"]
[EventDate "2019.05.25"]
[EventType "swiss"]
[EventCountry "ISL"]
[SourceTitle "playchess.com"]
[Source "ChessBase"]
[SourceQuality "1"]
[TimeControl "40/5400+30:1800+30"]

1. d4 {[%emt 0:00:00]} Nf6 {[%emt 0:00:00]} 2. g3 {[%emt 0:00:22]} d5 {[%emt 0:02:35]} 3. Bg2 {[%emt 0:00:08]} c6 {[%emt 0:00:04]} 4. Nf3 {[%emt 0:00:59]} Bf5 {[%emt 0:01:25]} 5. h3 {[%emt 0:00:06]} h6 {[%emt 0:00:51]} 6. Nbd2 {[%emt 0:00:20]} e6 {[%emt 0:02:29]} 7. O-O {[%emt 0:07:30]} Be7 {[%emt 0:11:41]} 8. c4 {[%emt 0:10:04]} O-O {[%emt 0:22:10]} 9. g4 {[%emt 0:07:19]} Bh7 {[%emt 0:00:03]} 10. Qb3 {[%emt 0:11:08]} Qb6 {[%emt 0:02:17]} 11. c5 {[%emt 0:00:31]} Qc7 {[%emt 0:15:13]} 12. Ne5 {[%emt 0:01:28]} Nfd7 {[%emt 0:00:15]} 13. Ndf3 {[%emt 0:07:03]} b6 {[%emt 0:10:01]} 14. Bf4 {[%emt 0:01:24]} Qb7 {[%emt 0:00:01]} 15. Rfc1 {[%emt 0:08:33]} Rc8 {[%emt 0:00:14]} 16. a4 {[%emt 0:03:12]} a5 {[%emt 0:05:52]} 17. g5 {[%emt 0:11:57]} Nxe5 {[%emt 0:08:54]} 18. dxe5 {[%emt 0:01:19]} hxg5 {[%emt 0:03:06]} 19. Nxg5 {[%emt 0:00:10]} Bg6 {[%emt 0:02:45]} 20. cxb6 {[%emt 0:04:40]} Nd7 {[%emt 0:00:38]} 21. Qg3 {[%emt 0:01:42]} Nf8 {[%emt 0:03:37]} 22. h4 {[%emt 0:07:58]} Bh5 {[%emt 0:01:49]} 23. Bf3 {[%emt 0:02:34]} Bxf3 {[%emt 0:00:37]} 24. Nxf3 {[%emt 0:00:12]} Ng6 {[%emt 0:02:40]} 25. Bg5 {[%emt 0:01:05]} Bxg5 {[%emt 0:00:24]} 26. Qxg5 {[%emt 0:00:08]} Kf8 {[%emt 0:01:19]} 27. h5 {[%emt 0:00:31]} Ne7 {[%emt 0:00:00]} 28. b4 {[%emt 0:06:41]} Qxb6 {[%emt 0:00:42]} 29. bxa5 {[%emt 0:00:05]} Rxa5 {[%emt 0:01:09]} 30. Rcb1 {[%emt 0:00:59]} Qa6 {[%emt 0:00:44]} 31. Rb4 {[%emt 0:00:59]} Nf5 {[%emt 0:01:13]} 32. Ra2 {[%emt 0:01:12]} Nh6 {[%emt 0:00:24]} 33. Rf4 {[%emt 0:01:52]} c5 {[%emt 0:00:41]} 34. Kh2 {[%emt 0:00:11]} Qa7 {[%emt 0:00:27]} 35. Ra1 {[%emt 0:00:20]} Qe7 {[%emt 0:00:12]} 36. Rf6 {[%emt 0:01:02]} gxf6 {[%emt 0:00:31]} 37. Qxh6+ {[%emt 0:00:08]} Ke8 {[%emt 0:00:00]} 38. exf6 {[%emt 0:00:19]} Qc7+ {[%emt 0:00:49]} 39. Kh1 {[%emt 0:00:23]} Kd7 {[%emt 0:00:27]} 40. Qg7 {[%emt 0:00:00]} Raa8 {[%emt 0:00:00]} 41. Qxf7+ {[%emt 0:19:01]} Kd6 {[%emt 0:01:09]} 42. Qg6 {[%emt 0:03:32]} Rg8 {[%emt 0:00:57]} 43. Qh6 {[%emt 0:01:44]} Rg4 {[%emt 0:19:17]} 44. Rg1 {[%emt 0:03:31]} Rxg1+ {[%emt 0:11:06]} 45. Kxg1 {[%emt 0:00:07]} Kc6 {[%emt 0:00:03]} 46. Qg7 {[%emt 0:03:35]} Qf4 {[%emt 0:00:20]} 47. f7 {[%emt 0:01:24]} Kd6 {[%emt 0:00:05]} 48. h6 {[%emt 0:01:08]} 1-0

[Event "Icelandic Open 2019"]
[Site "Akureyri"]
[Date "2019.05.28"]
[Round "5.3"]
[White "Stefansson, Vignir Vatnar"]
[Black "Hillarp Persson, Tiger"]
[Result "1/2-1/2"]
[WhiteElo "2291"]
[BlackElo "2563"]
[Annotator "TA"]
[PlyCount "115"]
[EventDate "2019.05.25"]
[EventType "swiss"]
[EventCountry "ISL"]
[SourceTitle "playchess.com"]
[Source "ChessBase"]
[SourceQuality "1"]

{[%evp 22,115,73,70,68,81,84,64,66,33,27,-8,-8,-8,-8,-5,0,-10,0,-10,10,-44,-44,-44,-41,-41,-45,-44,-41,-41,-43,-50,-33,-33,-33,-33,-33,-34,-8,-29,-23,-25,-23,-37,-33,-24,-31,-37,0,0,-4,-14,0,0,66,69,55,68,62,57,156,142,109,39,45,37,69,74,147,149,158,143,128,85,166,159,142,129,135,133,118,124,142,93,100,25,61,60,79,42,54,58,42,45,91,31]} 1. d4 Nf6 2. Nf3 g6 3. c4 Bg7 4. Nc3 O-O 5. e4 d6 6. Be2 Bg4 7. O-O Nfd7 8. Be3 c5 9. d5 Na6 10. h3 Bxf3 11. Bxf3 Nc7 12. Be2 a6 {E91: King's Indian: Classical: 6 Be2, unusual replies including 6...c5 and 6...Bg4} 13. a4 Re8 14. Qd2 e6 {White is slightly better.} 15. dxe6 Nxe6 {[#]} 16. Nd5 $146 ({Predecessor:} 16. Bg4 Nd4 17. Bxd7 Qxd7 18. Rad1 Re6 19. f3 Rae8 20. Nd5 Qxa4 {½-½ (30) Kotanjian,T (2553)-Korobov,A (2633) Beirut 2009}) 16... Nd4 17. Bxd4 Bxd4 18. Bd3 Ne5 19. Be2 Nd7 20. Bd3 Qh4 21. Qf4 (21. Nc7 $11) 21... Qxf4 $15 22. Nxf4 Ne5 23. Be2 Nc6 24. Bf3 Na5 25. Rac1 Bxb2 26. Rc2 Bd4 27. Rb1 Rab8 28. Nd5 Nc6 29. Rb6 f5 30. exf5 Re1+ 31. Kh2 Be5+ 32. g3 Nd4 33. Rc3 Nxf5 34. Rd3 Rf8 {[#] White must now prevent ...Nh4.} 35. Kg2 Ra1 {Strongly threatening ...Ra2.} 36. Rxb7 Nd4 37. Nb6 Nc2 (37... Kh8 $11) 38. Bd5+ $14 Kh8 {( -> ...Ne1+)} 39. Rd2 Ne1+ 40. Kh2 {Threatens to win with Nd7.} Nf3+ (40... Rb1 $14) 41. Bxf3 $1 $16 Rxf3 {[#]} 42. Nd7 (42. Ra7 $1 $16) 42... Bc3 43. Rc2 {Kg2 is the strong threat.} Bb4 ({Don't go for} 43... Rxa4 $2 44. Kg2 $18) 44. Nb6 Re1 (44... Kg8 $142) 45. Nd5 a5 46. Kg2 $36 {[%mdl 2048] White has strong initiative.} Rf8 47. f4 Re6 (47... Kg8 $16) 48. g4 $18 Kg8 49. Ne7+ Kh8 50. f5 gxf5 51. Nxf5 h5 52. Rf2 Be1 53. Rf3 ({White should try} 53. Rfb2 $16) 53... Rg8 54. Kf1 Bd2 55. gxh5 (55. Rd3 $5 {[%cal Rd3d2]} Bf4 56. Kf2 $14 (56. gxh5 Rf6 $11)) 55... Rf8 56. Nh4 {[%cal Rf3f8]} Rxf3+ $1 57. Nxf3 Bh6 58. Rb8+ {Accuracy: White = 60%, Black = 45%.} (58. h4 $16) 1/2-1/2